Online
Catalog

La quinta mujer / (Record no. 14144)

MARC details
000 -CABECERA
campo de control de longitud fija 00901nam a2200289 a 4500
001 - NÚMERO DE CONTROL
campo de control 000014557
005 - FECHA Y HORA DE LA ÚLTIMA TRANSACCIÓN
campo de control 20200929163852.0
008 - DATOS DE LONGITUD FIJA--INFORMACIÓN GENERAL
campo de control de longitud fija 100114s2001 sp 000 f spa d
020 ## - NÚMERO INTERNACIONAL ESTÁNDAR DEL LIBRO
Número Internacional Estándar del Libro 848310136X
040 ## - FUENTE DE LA CATALOGACIÓN
Centro catalogador/agencia de origen DO-SdBNP
Lengua de catalogación spa
Centro/agencia transcriptor BNPHU
041 17 - CÓDIGO DE LENGUA
Código de lengua del texto/banda sonora o título independiente spa
Código de lengua original swe
Fuente del código Código de idioma MARC
082 ## - NÚMERO DE LA CLASIFICACIÓN DECIMAL DEWEY
Número de clasificación 839.774
Número de documento/Ítem M278q, 2001
049 ## - FONDOS LOCALES (OCLC)
Fondos de biblioteca BNGR
100 1# - ENTRADA PRINCIPAL--NOMBRE DE PERSONA
Nombre de persona Mankell, Henning,
Fechas asociadas al nombre 1948-
9 (RLIN) 32950
240 14 - TÍTULO UNIFORME
Título uniforme Den femte kvinnan.
Lenguaje de la obra Español
245 13 - MENCIÓN DE TÍTULO
Título La quinta mujer /
Mención de responsabilidad, etc. Henning Mankell ; traducción de Marina Torres.
250 ## - MENCIÓN DE EDICIÓN
Mención de edición 10a ed.
260 ## - PUBLICACIÓN, DISTRIBUCIÓN, ETC.
Lugar de publicación, distribución, etc. Barcelona :
Nombre del editor, distribuidor, etc. Tusquets,
Fecha de publicación, distribución, etc. 2001.
300 ## - DESCRIPCIÓN FÍSICA
Extensión 481, [5] p. ;
Dimensiones 23 cm.
490 1# - MENCIÓN DE SERIE
Mención de serie Andanzas
Designación de volumen o secuencia 408
534 ## - NOTA SOBRE LA VERSIÓN ORIGINAL
Frase introductoria Título original en Sueco:
Mención de título del original Den femte kvinnan,
Publicación, distribución, etc. del original 1996
650 #4 - PUNTO DE ACCESO ADICIONAL DE MATERIA--TÉRMINO DE MATERIA
Término de materia o nombre geográfico como elemento de entrada Novela sueca
9 (RLIN) 32951
650 #4 - PUNTO DE ACCESO ADICIONAL DE MATERIA--TÉRMINO DE MATERIA
Término de materia o nombre geográfico como elemento de entrada Literatura sueca
Subdivisión cronológica SIGLO XX
9 (RLIN) 32952
700 1# - PUNTO DE ACCESO ADICIONAL--NOMBRE DE PERSONA
Nombre de persona Torres, Marina,
Término indicativo de función/relación tr.
9 (RLIN) 32953
830 #0 - PUNTO DE ACCESO ADICIONAL DE SERIE-TÍTULO UNIFORME
Título uniforme Andanzas ;
Designación de volumen o secuencia 408
9 (RLIN) 18113
910 ## - DATOS DE OPCIÓN DEL USUARIO (OCLC)
Datos de opción del usuario WM
Holdings
Estado de retiro Estado de pérdida Restricciones de uso No para préstamo Código de colección Localización permanente Ubicación/localización actual Ubicación en estantería Fecha de adquisición Número de inventario Total de préstamos Signatura topográfica completa Código de barras Fecha visto por última vez Precio válido a partir de Tipo de ítem Koha
    Préstamo interno   Monografías: Libros y Folletos General General Depósito 14.01.2010 LF1   839.774 M278q, 2001 14557-10 25.06.2020 25.06.2020 Préstamo interno

Powered by Koha